000 00793nam a2200205 a 4500
001 000042477
005 20201002040159.0
008 131204s1971 sp 000 0 spa d
040 _aDO-SdBNP
_bspa
_cBNPHU
100 1 _aBrion, Marcel,
_d1895-1984
_911233
240 1 0 _aL´Allemagne romantique /
245 1 3 _aLa Alemania Romántica :
_bHeinrich Von Kleist, Ludwig Tieck /
_cMarcel Brion ; traducción de Fernando Santos Fontela.
260 _aBarcelona :
_bBarral editores,
_c1971.
300 _a167 p. ;
_c20 cm.
490 1 _aBreve Biblioteca de Respuesta ;
_v14 ;
504 _aIncluye referencias bibliográficas y notas al pie de las páginas
590 _aInventariado, 2019/ YL
700 1 _aSantos Fontela, Fernando
_etr.
_969659
830 0 _aBreve Biblioteca de Respuesta
_v14
_911235
999 _c41966
_d41966